Name all the airlines of the world 2023 - Statistics

General Stats
  • This quiz has been taken 45 times
  • The average score is 12 of 111
Answer Stats
Hint Answer % Correct
British Airways
67%
American Airlines
61%
Air France
55%
Emirates
48%
D Delta Air Lines
45%
Ryanair
45%
Q Qatar Airways
39%
United Airlines
39%
Air Canada
36%
E EasyJet
36%
Turkish Airlines
36%
Aer Lingus
33%
Singapore Airlines
33%
China Airlines
27%
Qantas Airways
27%
F Finnair
24%
Aeromexico
21%
Air Serbia
21%
China Eastern Airlines
21%
China Southern Airlines
21%
Wizz Air
21%
Austrian Airlines
18%
Egyptair
18%
Etihad Airways
18%
Eurowings
18%
Icelandair
18%
L LOT Polish Airlines
18%
Transavia
18%
A Aegean Airlines
15%
Brussels Airlines
15%
Croatia Airlines
15%
Korean Air
15%
Swiss International Air Lines
15%
T TAP Air Portugal
15%
AirBaltic
12%
EVA Air
12%
R Royal Air Maroc
12%
Tarom
12%
Vueling
12%
Air Europa
9%
Air Malta
9%
Belavia
9%
G Garuda Indonesia
9%
KLM Royal Dutch Airlines
9%
P Pegasus Airlines
9%
X Xiamen Airlines
9%
Air Berlin
6%
Alitalia
6%
C Cathay Pacific Airways
6%
Iran Air
6%
K Kenya Airways
6%
Kuwait Airways
6%
Lufthansa German Airlines
6%
Royal Jordanian Airlines
6%
Sunexpress
6%
V Virgin Atlantic Airways
6%
W WestJet
6%
Aeroflot Russian Airlines
3%
Air Arabia Maroc
3%
Air Astana
3%
Air Transat
3%
Blue Air
3%
Bulgaria Air
3%
Cyprus Airways
3%
Czech Airlines
3%
El Al Israel Airlines
3%
I Iberia Express
3%
Israir
3%
Middle East Airlines
3%
Norwegian Air Shuttle
3%
Onur Air
3%
Play
3%
S S7
3%
Tunis Air
3%
Widerøe
3%
Air China Cargo
0%
Air Moldova
0%
AIS Airlines
0%
Arkefly
0%
Arkia Israel Airlines
0%
Atlantic Airways
0%
B Balkan Holiday Airlines
0%
Condor Flugdienst
0%
Corendon Airlines
0%
Corendon Dutch Airlines
0%
WOW air
0%
EasyJet Switzerland
0%
Edelweis Air
0%
Estonian Air
0%
Georgian Airways
0%
​​Germanwings
0%
Iberia Líneas Aéreas de España
0%
ITA Italia Trasporto Aereo
0%
J Jet2.com
0%
KLM Cityhopper
0%
Lufthansa CityLine
0%
M Malev
0%
N Norwegian Air International
0%
O Olympic Air
0%
SATA Air Açores
0%
SATA Internacional
0%
Saudia Arabian Airlines
0%
Scandinavian Airlines System
0%
SKY express
0%
Surinam Airways
0%
Transavia France
0%
TUI Fly
0%
U Ukraine Int. Airlines
0%
UR Airlines
0%
Ural Airlines
0%
Utair
0%
No matching quizzes found
Score Distribution
Percent of People with Each Score
Percentile by Number Answered
Your Score History
You have not taken this quiz